000
00482nam a2200169Ia 4500
008
090123s9999 xx 000 0 und d
082
_b
4059
100
_a
मिश्र नरेंद्रनाथ
245
_a
महानगर
250
_a
1
300
_a
128
600
_a
मिश्र नरेंद्रनाथ
630
_a
महानगर
700
_a
मिश्र नरेंद्रनाथ
730
_a
महानगर
942
_c
BOOK
999
_c
42135
_d
42135